000 00299nam a22001457a 4500
008 210511b ||||| |||| 00| 0 eng d
020 _a9780471770831
041 _aeng
080 _a33
082 _a33
100 _a56
101 _aBIZ
245 _aCFO Insights
_cWulf,C.C
942 _2udc
_cBK
999 _c57200
_d57200